| 000 | 00797nam a22002537a 4500 | ||
|---|---|---|---|
| 003 | NUST | ||
| 005 | 20231006103650.0 | ||
| 008 | 190702b ||||| |||| 00| 0 eng d | ||
| 020 | _qPaperback | ||
| 038 | _aArshad | ||
| 040 | _aNUST | ||
| 041 | _aurdu | ||
| 082 |
_a891.439 _bNAZ |
||
| 100 |
_aNaz, MS _916366 |
||
| 245 |
_aUrdu mein fanny tadveen / _cM. S. Naz |
||
| 260 |
_aIslamabad: _bIdara tehqeeqat Islami, _c1991. |
||
| 300 | _a381 p. : | ||
| 650 |
_aFan tadveen - conferences _916367 |
||
| 650 |
_aMakhtotat - tadveen - conference _916368 |
||
| 880 |
_6100-01\r _aایم ایس ناز |
||
| 880 |
_6245-02\r _aاردو میں فنی تدوین _cایم ایس ناز |
||
| 880 |
_6260-03\r _aاسلام آباد: _bادارہ تحقیقات اسلامی، _c1986 |
||
| 942 |
_2ddc _cBK |
||
| 999 |
_c525471 _d525471 |
||